| 000 | 00531nam a2200133Ia 4500 | ||
|---|---|---|---|
| 008 | 170516s9999 xx 000 0 und d | ||
| 245 | 4 | _aThe opinions of radiographers, nuclear medicine technologists and radiation therapists regarding technology in health care: a qualitative study (pages 3–9) | |
| 260 | _bJournal of Medical Radiation Sciences | ||
| 260 | _c2017 | ||
| 300 | _a64:1 | ||
| 650 | _xRadiologic Technology | ||
| 650 | _xRadtech | ||
| 856 | _uhttp://onlinelibrary.wiley.com/doi/10.1002/jmrs.2017.64.issue-1/issuetoc | ||
| 999 |
_c332900 _d332900 |
||